MDQL
is popping MORE tags! Check the
thread
!
Quizzes
Events
Quiz Creation
Community
Videos
Private Events
Remove Ads
Sign In
Join for FREE
Feedback
Dark Mode
Quiz Categories
Sports
Geography
Music
Movies
Television
Just For Fun
Miscellaneous
History
Literature
Language
Science
Gaming
Entertainment
Religion
Holiday
For Kids
Quiz Lab
Recent
Popular Today
Quiz Kudos Today
Editor Picks
Curator Picks
Quizzes by...
Day
Popularity
Type
Ratings
Length
Year
Community
Subscriptions
Recent Discussions
Orange Saloon
Badges
Playlists
Quests
Create
Leaderboards
Showdown
Live 5
Trivia Bingo
Activity
Puzzle Library
Sporcle Events
Private Events
Virtual Trivia
Globe League
Become a Host
Pub Owners
SporcleCon
Opinionation
Our Games
Videos
Blog
Mobile Apps
Partnerships
Remove Ads and Go Orange
Feedback
Movies
Disney
Marvel Cinematic Universe
Movie Resume
Movie Titles
Oscar
Actor
Actress
Director
Pixar
Role
Movie Quotes
Movie Characters
Box Office
Nominee
Best Picture
Star Wars
James Bond
Horror Movies
Movies
Disney
Marvel Cinematic Universe
Movie Resume
Movie Titles
Oscar
Actor
Actress
Director
Pixar
Role
Movie Quotes
Movie Characters
Box Office
Nominee
Best Picture
Star Wars
James Bond
Horror Movies
Random Quiz
Search Sporcle
×
Quiz Lab
Quiz Lab
Movies
Book
Type in answers that appear in a list
Type in answers that appear in a list
Classic
Best Score? Go Orange.
Lord of the Rings Actors/Actresses Stats
Can you name the Lord of the Rings Actors/Actresses?
By
Svicks1991
10m
36 Questions
182 Plays
182 Plays
182 Plays
Comments
Comments
Give Quiz Kudos
Give Quiz Kudos
-
- Ratings
hide this ad
Replay
Link that replays current quiz
Next Quiz
Link to next quiz in quiz playlist
You Got
0%
They Got
Avg Score
51%
Avg Friend Score
Upgrade to see
Score Distribution
Jump to the score distribution portion of the page
Score
0/36
Timer
10:00
0
Plays Today
Character
Actor/Actress
% Correct
Frodo Baggins
Elijah Wood
95.6%
Legolas
Orlando Bloom
95.6%
Aragorn
Viggo Mortensen
93.4%
Gandalf
Ian McKellen
92.3%
Boromir
Sean Bean
92.3%
Arwen
Liv Tyler
91.7%
Samwise Gamgee
Sean Astin
90.6%
Lady Galadriel
Cate Blanchett
88.4%
Bilbo Baggins
Ian Holm
86.2%
Lord Elrond
Hugo Weaving
86.2%
Smeagol/
Gollum
Andy Serkis
85.1%
Peregrin 'Pippin' Took
Billy Boyd
81.2%
Gimli/
Treebeard
John-Rhys Davies
80.7%
Saruman
Christopher Lee
78.5%
Meriadoc 'Merry' Brandybuck
Dominic Monaghan
77.9%
Eowyn
Miranda Otto
72.4%
Eomer
Karl Urban
67.4%
King Theoden
Bernard Hill
66.3%
Character
Actor/Actress
% Correct
Faramir
David Wenham
64.6%
Denethor
John Noble
58%
Grima Wormtongue
Brad Dourif
53.6%
Sauron
Sala Baker
36.5%
Haldir
Craig Parker
25.4%
Rosie Cotton
Sarah McLeod
16%
Gamling
Bruce Hopkins
14.4%
Mouth of Sauron
Bruce Spence
11%
The One Ring (Voice)
Alan Howard
9.4%
Barliman Butterbur
David Weatherley
8.3%
Elendil
Peter McKenzie
7.2%
Isildur
Harry Sinclair
7.2%
Theodred
Paris Howe Strewe
6.6%
King of the Dead
Paul Norell
6.1%
Gil-
gilad
Mark Ferguson
5.5%
Deagol
Thomas Robins
5%
Grimbold
Bruce Phillips
4.4%
Damrod
Alaistair Browning
1.1%
Quiz Playlist
Details
Report
Send in Message
Add To Playlist
Classic:
Type in answers that appear in a list
Last Updated: Feb 16, 2017
Quiz Scoreboard
CHALLENGE
Sign Up to Join the Scoreboard
Show All
Scores
Hide
Comments
May contain spoilers
Recently Published
Holiday 10x10 Sorting Gallery
by lukepisani3
Holiday
15m
Two Season TV Shows II
by 123Four
Television
10m
Image Sorting: Flags VI
by Barbecue
Geography
2m
More to Explore
Quiz From the Vault
Featured Blog Post
14 Easter Pick-up Lines to Find Eggs With
hide this ad
You Might Also Like...
Tags
Actor Quiz
Actress Quiz
Book Quiz
Cast Quiz
Lord of the Rings Quiz
Fellowship
lord
Ring
Today's Top Quizzes in Movies
Browse Movies
hide this ad
Today's Top Quizzes in Book
Browse Book
Top Contributed Quizzes in Movies
1
The ultimate James Bond movie quiz
2
Find The 'Big' Movie
3
Find The 'Wild' Movie
4
Find The 'Blue' Movie
5
Movies By Plot
6
Hidden Star Wars Character II
7
25 Best Actor Nominees (1990s)
8
Hidden Star Wars Character III
9
😉 2024 Oscar Nominees by Emoji
10
Hidden Star Wars Character IV
Explore More
Trending Topics
Crossword
Kpop
Disney
NBA
Marvel
Anime
Harry Potter
Song
Country
The Office
Pokémon
Puzzle
WWE
NFL
Soccer
hide this ad
More By:
Svicks1991
Quiz
Plays
Rating
Category
Featured
Created
Gollum/Smeagol speech in Return of the King
2,005
4.60
Movies
Dec 6, 2011
Harry Potter vs Snape Speech DH Part 2
1,859
5.00
Movies
Dec 7, 2011
Mr Darcy's Letter to Elizabeth Part 1 BBC Version
1,641
5.00
Movies
Dec 14, 2011
Mr Darcy's Letter to Elizabeth Part 3 BBC Version
1,528
5.00
Movies
Dec 14, 2011
Gandalf's Speech to Pippin in ROK
1,417
4.80
Movies
Dec 5, 2011
Go to Creator's Profile
Score Distribution
Quiz Creator Spotlight
Svicks1991
Follow
Send a Message
Quizzes Created
-
Created Quiz Play Count
-
More By This Creator
Popular Quizzes Today
1
Find the US States - No Outlines Minefield
2
Colored Red Africa Blitz
3
Find the 'City' Movie
4
The Countries of the World
5
5x2 Blitz: Bands
6
Find the US States
7
Find the Countries of Europe - No Outlines Minefield
8
US States
More Movies Quizzes
Movie Dads
Published
Trending Quizzes
Colored Red Europe Blitz I
Colored Red Europe Blitz II
Colored Red Africa Blitz II
Colored Red Europe Blitz III
Colored Red Africa Blitz III
Recently Updated
Odd Team Out - Big 4 Players
pecheneg
Quick Pick: 20 Twenties
pecheneg
March Madness Men's Triple Doubles
pecheneg
How Do You Spell That?
pecheneg
Godzilla Movies
pecheneg
Grab Bag: 4-10 Letters
pecheneg
2024 March Madness Bracket
pecheneg
Famous TV Couples
Peacemaker
Champions League XIs: Real Madrid
pecheneg
Largest US Cities 1790-2010
pecheneg
Trending Topics
Marvel
Disney
Anime
Kpop
NBA
Harry Potter
Crossword
Puzzle
Pokémon
Country
Soccer
NFL
WWE
Song
The Office
Your Account Isn't Verified!
In order to create a playlist on Sporcle, you need to verify the email address you used during registration. Go to your
Sporcle Settings
to finish the process.
Report this User
Report this user for behavior that violates our
Community Guidelines
.
Details:
Send Report
Go to the Sporcle.com Mobile Site →
Comments